MARC details
| 000 -LEADER |
| fixed length control field |
01148nam a22003017a 4500 |
| 003 - CONTROL NUMBER IDENTIFIER |
| control field |
OSt |
| 005 - DATE AND TIME OF LATEST TRANSACTION |
| control field |
20250617033838.0 |
| 008 - FIXED-LENGTH DATA ELEMENTS--GENERAL INFORMATION |
| fixed length control field |
250505t2015 |||o|||| | || 00| ||e|g dd d |
| 020 ## - INTERNATIONAL STANDARD BOOK NUMBER |
| International Standard Book Number |
978-3-319-15278-3 |
| 040 ## - CATALOGING SOURCE |
| Transcribing agency |
JMCFI - Learning Resource Center |
| 082 ## - DEWEY DECIMAL CLASSIFICATION NUMBER |
| Classification number |
eBook 370.113 Si617 2015 |
| 100 ## - MAIN ENTRY--PERSONAL NAME |
| Personal name |
Singh, Madhu |
| 9 (RLIN) |
36327 |
| 245 ## - TITLE STATEMENT |
| Title |
Global perspectives on recognising non-formal and informal learning: |
| Remainder of title |
why recognition matters |
| Medium |
[electronic resource] / |
| Statement of responsibility, etc. |
Madhu Singh. |
| 260 ## - PUBLICATION, DISTRIBUTION, ETC. |
| Place of publication, distribution, etc. |
Singapore : |
| Name of publisher, distributor, etc. |
Springer Nature, |
| Date of publication, distribution, etc. |
2015. |
| 300 ## - PHYSICAL DESCRIPTION |
| Extent |
1 online resource (237 pages). |
| 650 ## - SUBJECT ADDED ENTRY--TOPICAL TERM |
| Topical term or geographic name entry element |
Professional education. |
| 9 (RLIN) |
36328 |
| 650 ## - SUBJECT ADDED ENTRY--TOPICAL TERM |
| Topical term or geographic name entry element |
Vocational education. |
| 9 (RLIN) |
11979 |
| 650 ## - SUBJECT ADDED ENTRY--TOPICAL TERM |
| Topical term or geographic name entry element |
Lifelong learning. |
| 9 (RLIN) |
32214 |
| 650 ## - SUBJECT ADDED ENTRY--TOPICAL TERM |
| Topical term or geographic name entry element |
Adult education. |
| 9 (RLIN) |
36329 |
| 650 ## - SUBJECT ADDED ENTRY--TOPICAL TERM |
| Topical term or geographic name entry element |
Educational policy. |
| 9 (RLIN) |
13107 |
| 650 ## - SUBJECT ADDED ENTRY--TOPICAL TERM |
| Topical term or geographic name entry element |
Educational assessment. |
| 9 (RLIN) |
14170 |
| 650 ## - SUBJECT ADDED ENTRY--TOPICAL TERM |
| Topical term or geographic name entry element |
Educational tests and measurement. |
| 9 (RLIN) |
29252 |
| 650 ## - SUBJECT ADDED ENTRY--TOPICAL TERM |
| Topical term or geographic name entry element |
Educational evaluation. |
| 9 (RLIN) |
32582 |
| 650 ## - SUBJECT ADDED ENTRY--TOPICAL TERM |
| Topical term or geographic name entry element |
Open Access Publishing in European Networks (OAPEN). |
| 9 (RLIN) |
30999 |
| 650 ## - SUBJECT ADDED ENTRY--TOPICAL TERM |
| Topical term or geographic name entry element |
eBook (Open access). |
| 9 (RLIN) |
30865 |
| 856 ## - ELECTRONIC LOCATION AND ACCESS |
| Uniform Resource Identifier |
<a href="https://library.oapen.org/handle/20.500.12657/28072">https://library.oapen.org/handle/20.500.12657/28072</a> |
| 942 ## - ADDED ENTRY ELEMENTS (KOHA) |
| Source of classification or shelving scheme |
Dewey Decimal Classification |
| Koha item type |
Open Access Electronic Resources |
| Suppress in OPAC |
No |